00485nam a2200193Ia 4500008004100000041001200041082001200053100003900065245002800104260003400132300000800166365000700174520001400181546001200195630002800207650001400235655001400249730002800263101110s9999 xx 000 0 und d aENGLISH bSR32772 aBhattacharya Ira, Rao Leena & etc. aOrganic chemistry FYBSC c2008bSheth Prakashan, Mumbai a214 b85 aChemistry aENGLISH aOrganic chemistry FYBSC aChemistry aChemistry aOrganic chemistry FYBSC